Score 0/30 Timer 05:00
8 Plays Today
% Correct
Green Lantern
96.9%
Incredible Hulk
96.3%
Captain America
94.7%
Batman
93.4%
Spider Man
93%
Flash
93%
Superman
92.2%
Wolverine
91.9%
Iron Man
91.6%
Wonder Woman
91.2%
Thor
91.2%
Aquaman
87.3%
The Thing
87.1%
Mr. Incredible
84.3%
Professor X
83.6%
% Correct
Human Torch
81.8%
Cyclops
79.4%
Daredevil
78.7%
Storm
78.2%
Green Arrow
76.9%
Deadpool
76.4%
Batgirl
76.2%
Invisible Woman
75.7%
Mr. Fantastic
74%
Hawkeye
70.5%
Jean Grey
60%
Hawkman
58.1%
Black Panther
58.1%
Colossus
51%
Luke Cage
47%
Remove Ads.
Support Sporcle.
Get the best of Sporcle when you Go Orange. This ad-free experience offers more features, more stats, and more fun while also helping to support Sporcle. Thank you for becoming a member.

You're not logged in!

Compare scores with friends on all Sporcle quizzes.
OR
Log In

Show Comments

Extras

Top Quizzes Today


Score Distribution

Your Account Isn't Verified!

In order to create a playlist on Sporcle, you need to verify the email address you used during registration. Go to your Sporcle Settings to finish the process.

Report this User

Report this user for behavior that violates our Community Guidelines.

Details: